[Event "interzonal (w)"]
[Site "Subotica YUG"]
[Date "1991.??.??"]
[Round "9"]
[White "Koskela, Niina"]
[Black "Maksimovic, Suzana"]
[Result "1/2-1/2"]
[WhiteElo "2110"]
[BlackElo "2290"]
[EventDate "1991.11.??"]
[PlyCount "124"]

1.e4 c5 2.Nf3 Nc6 3.d4 cxd4 4.Nxd4 Nf6 5.Nc3 e6 6.Ndb5 d6 7.Bf4 e5 8.Bg5 
a6 9.Na3 b5 10.Nd5 Be7 11.Bxf6 Bxf6 12.c3 Bg5 13.Nc2 Rb8 14.Be2 O-O 15.O-O
Kh8 16.Bg4 Be6 17.Ncb4 Nxb4 18.Nxb4 Qb6 19.Bxe6 fxe6 20.Qg4 a5 21.Nc2 Bh6 
22.Qxe6 Rf6 23.Qg4 b4 24.cxb4 axb4 25.Qe2 b3 26.axb3 Qxb3 27.Ne1 d5 28.Nf3
Rf4 29.exd5 e4 30.Nd4 Qxd5 31.Rad1 Rf6 32.b4 Bf4 33.b5 Rbf8 34.Nc6 Qf5 35.
h3 Bc7 36.Nd4 Qe5 37.g3 Bb6 38.Qc4 e3 39.Ne2 Rxf2 40.Rxf2 exf2+ 41.Kf1 Qh5
42.Qg4 Qxb5 43.Qd7 Qa5 44.Qc6 Qh5 45.Qd7 g5 46.Qe6 Re8 47.Qg4 Qf7 48.Qd7 
Rd8 49.Qxd8+ Bxd8 50.Rxd8+ Kg7 51.Rd4 h5 52.h4 gxh4 53.Rxh4 Qf3 54.Rf4 
Qh1+ 55.Kxf2 Qh2+ 56.Ke3 Qh3 57.Rh4 Qe6+ 58.Kf2 Qf5+ 59.Kg2 Qc2 60.Kf2 
Qf5+ 61.Kg2 Qc2 62.Kf2 Kg6 1/2-1/2

[Event "interzonal (w)"]
[Site "Subotica YUG"]
[Date "1991.??.??"]
[Round "9"]
[White "Voiska, Margarita"]
[Black "Qin Kanying"]
[Result "1/2-1/2"]
[WhiteElo "2335"]
[BlackElo "2265"]
[EventDate "1991.11.??"]
[PlyCount "91"]

1.c4 Nf6 2.Nc3 d5 3.cxd5 Nxd5 4.g3 g6 5.Bg2 Nb6 6.d3 Bg7 7.Be3 O-O 8.Qc1 
Re8 9.Bh6 Bh8 10.h4 N8d7 11.h5 Nf6 12.hxg6 hxg6 13.Nf3 e5 14.Bg5 Bg7 15.
Nd2 c6 16.Nde4 Bf5 17.Bh3 Bxe4 18.Nxe4 Nbd5 19.Kf1 Qb6 20.Bg2 Nxe4 21.Bxe4
f5 22.Bxd5+ cxd5 23.Bh6 Rac8 24.Qd2 Bf6 25.Kg2 d4 26.Rac1 Rc6 27.Bg5 Bg7 
28.Bh6 Bf6 29.Bg5 Bg7 30.Bh6 Bh8 31.Qg5 Kf7 32.Qd2 Rec8 33.f3 Bf6 34.Rxc6 
Rxc6 35.Rc1 Rxc1 36.Qxc1 Be7 37.Bd2 Qc5 38.Qxc5 Bxc5 39.g4 Ke6 40.gxf5+ 
gxf5 41.Kf2 Be7 42.Ke1 Kd5 43.Kd1 Bf6 44.Kc2 Be7 45.Be1 Bd6 46.Bd2 1/2-1/2

[Event "interzonal (w)"]
[Site "Subotica YUG"]
[Date "1991.??.??"]
[Round "9"]
[White "Wang Pin"]
[Black "Matveeva, Svetlana"]
[Result "1-0"]
[WhiteElo "2220"]
[BlackElo "2325"]
[EventDate "1991.11.??"]
[PlyCount "125"]

1.e4 c5 2.Nf3 d6 3.d4 Nf6 4.Nc3 cxd4 5.Nxd4 g6 6.Be3 Bg7 7.f3 Nc6 8.Qd2 
O-O 9.O-O-O d5 10.Qe1 e5 11.Nxc6 bxc6 12.exd5 Nxd5 13.Bc4 Be6 14.Ne4 Qc7 
15.Bc5 Rfd8 16.g4 h6 17.h4 f5 18.gxf5 gxf5 19.Ng3 Rab8 20.Nh5 Bh8 21.Bd4 
Re8 22.Bc5 Kh7 23.Rg1 Bf7 24.Ng3 e4 25.Bb3 Qf4+ 26.Kb1 e3 27.Qe2 a5 28.Qa6
Qc7 29.Nxf5 e2 30.Rde1 Qe5 31.Nd4 Qe3 32.Qxe2 Bxd4 33.Qxe3 Bxe3 34.Bxe3 
Rxb3 35.axb3 Nxe3 36.Kc1 Nf5 37.Rxe8 Bxe8 38.Rg4 Bh5 39.Rc4 Ne7 40.Rc5 
Bxf3 41.Rxa5 Kg6 42.Kd2 Nf5 43.b4 Nxh4 44.Ke3 Bg2 45.c4 Nf5+ 46.Kf2 Be4 
47.Re5 Bd3 48.Re6+ Kf7 49.Rxc6 Ke7 50.b5 Kd7 51.b3 Nd6 52.Ra6 Kc7 53.Ra7+ 
Nb7 54.Ke3 Bf1 55.Ra1 Bh3 56.b4 Bd7 57.Kd4 h5 58.Ra6 h4 59.Rh6 h3 60.b6+ 
Kc8 61.Rh8+ Nd8 62.b7+ Kxb7 63.Rxd8 1-0

[Event "interzonal (w)"]
[Site "Subotica YUG"]
[Date "1991.??.??"]
[Round "10"]
[White "Arakhamia, Ketevan"]
[Black "Galliamova, Alisa"]
[Result "0-1"]
[WhiteElo "2440"]
[BlackElo "2435"]
[EventDate "1991.11.??"]
[PlyCount "76"]

1.e4 c5 2.Nf3 Nc6 3.d4 cxd4 4.Nxd4 Nf6 5.Nc3 d6 6.Bc4 e6 7.Be3 Be7 8.Qe2 
a6 9.Bb3 O-O 10.Rg1 Nxd4 11.Bxd4 e5 12.Be3 Be6 13.O-O-O b5 14.Kb1 Rc8 15.
Bg5 Ne8 16.Bc1 Nc7 17.f4 exf4 18.Bxf4 b4 19.Na4 Nb5 20.Be3 Bf6 21.Qd2 Rb8 
22.g4 Be5 23.g5 Qd7 24.Nc5 dxc5 25.Qxd7 Bxd7 26.Rxd7 Rbc8 27.Bc4 Bxh2 28.
Rf1 Nd6 29.Bxa6 Ra8 30.Be2 Nxe4 31.Bd3 Rae8 32.Rh1 Bd6 33.Rh4 f5 34.Bxe4 
fxe4 35.Rxd6 Rf1+ 36.Bc1 e3 37.g6 hxg6 38.Rxg6 e2 0-1

[Event "interzonal (w)"]
[Site "Subotica YUG"]
[Date "1991.??.??"]
[Round "10"]
[White "Bojkovic, Natasa"]
[Black "Koskela, Niina"]
[Result "1-0"]
[WhiteElo "2340"]
[BlackElo "2110"]
[EventDate "1991.11.??"]
[PlyCount "83"]

1.e4 e5 2.Nf3 Nc6 3.Bb5 a6 4.Ba4 Nf6 5.O-O Be7 6.Re1 b5 7.Bb3 d6 8.c3 O-O 
9.h3 Nb8 10.d4 Nbd7 11.Nbd2 Bb7 12.a4 h6 13.Bc2 Re8 14.Nf1 Bf8 15.Ng3 g6 
16.b3 c6 17.Be3 Bg7 18.Qd2 Kh7 19.Nh2 d5 20.dxe5 Nxe4 21.Nxe4 dxe4 22.Bxe4
Nxe5 23.Qxd8 Raxd8 24.axb5 axb5 25.Ra7 Rd7 26.Bd4 f5 27.Bc2 Ree7 28.f4 Nf7
29.Rxe7 Rxe7 30.Nf3 Nd6 31.Ne5 Nc8 32.Ra1 Re6 33.b4 h5 34.Bb3 Rd6 35.Re1 
h4 36.Kf2 Rd8 37.Nf3 Bxd4+ 38.Nxd4 Ba8 39.Nf3 Nd6 40.Ng5+ Kh6 41.Re6 Ne4+ 
42.Rxe4 1-0

[Event "interzonal (w)"]
[Site "Subotica YUG"]
[Date "1991.??.??"]
[Round "10"]
[White "Csonkics, Tunde"]
[Black "Chelushkina, Irina"]
[Result "0-1"]
[WhiteElo "2320"]
[BlackElo "2305"]
[EventDate "1991.11.??"]
[PlyCount "95"]

1.d4 Nf6 2.c4 e6 3.Nf3 c5 4.d5 exd5 5.cxd5 d6 6.Nc3 g6 7.Nd2 Bg7 8.e4 O-O 
9.Be2 Nbd7 10.O-O Re8 11.a4 a6 12.f4 c4 13.Kh1 Nc5 14.e5 dxe5 15.fxe5 Rxe5
16.Nxc4 Rf5 17.Bf4 Bd7 18.Ne3 Rxf4 19.Rxf4 Qe8 20.Nc4 Nxa4 21.Nxa4 Bxa4 
22.Rxa4 b5 23.Nb6 Ra7 24.Ra1 Qb8 25.Rf1 Qxb6 26.Bf3 Nd7 27.Qe2 Ne5 28.Rac1
h5 29.b3 Ra8 30.Qe4 Rd8 31.g3 a5 32.h3 Qd6 33.Bg2 Qa3 34.Qc2 a4 35.Qc7 Qf8
36.bxa4 bxa4 37.Rfd1 Rd7 38.Qa5 Qa3 39.Rc3 Qa2 40.Rdc1 Kh7 41.Qc5 Qd2 42.
Qa3 Rb7 43.Qxa4 Nd3 44.Rxd3 Qxd3 45.Qe4 Qxg3 46.Qf3 Qe5 47.d6 Rd7 48.Rc7 
0-1

[Event "interzonal (w)"]
[Site "Subotica YUG"]
[Date "1991.??.??"]
[Round "10"]
[White "Demina, Yulia"]
[Black "Qin Kanying"]
[Result "0-1"]
[WhiteElo "2370"]
[BlackElo "2265"]
[EventDate "1991.11.??"]
[PlyCount "106"]

1.Nf3 Nf6 2.c4 g6 3.d4 Bg7 4.g3 O-O 5.Bg2 d5 6.cxd5 Nxd5 7.O-O Nb6 8.Nc3 
Nc6 9.d5 Na5 10.e4 c6 11.Bg5 h6 12.Bf4 cxd5 13.Nxd5 Nxd5 14.exd5 Bg4 15.h3
e5 16.Bd2 Bxf3 17.Qxf3 Rc8 18.Rac1 Nc4 19.Bb4 Re8 20.b3 a5 21.Be1 Nd6 22.
Qd1 e4 23.Bd2 Rxc1 24.Bxc1 Nb5 25.Be3 Nc3 26.Qd2 b5 27.Bxh6 b4 28.Bxg7 
Kxg7 29.a3 Qb6 30.axb4 axb4 31.Re1 Re5 32.d6 Rd5 33.Qf4 Rf5 34.Qd2 Rd5 35.
Qf4 Qxd6 36.Bxe4 Qxf4 37.gxf4 Rd2 38.Kg2 Kf6 39.Bc6 Rb2 40.Ba4 Ra2 41.Re8 
Nxa4 42.bxa4 Rxa4 43.Rb8 Ke6 44.Rb7 Kd5 45.Rxf7 b3 46.f5 gxf5 47.Rxf5+ Kc4
48.Rf4+ Kb5 49.Rf8 Rb4 50.Rb8+ Kc4 51.Rc8+ Kd3 52.Rd8+ Kc3 53.Rd1 b2 0-1

[Event "interzonal (w)"]
[Site "Subotica YUG"]
[Date "1991.??.??"]
[Round "10"]
[White "Foisor, Cristina"]
[Black "Nutu-Gajic, Daniela"]
[Result "1-0"]
[WhiteElo "2350"]
[BlackElo "2310"]
[EventDate "1991.11.??"]
[PlyCount "77"]

1.c4 c5 2.g3 Nf6 3.Bg2 d5 4.cxd5 Nxd5 5.Nc3 Nc7 6.Nf3 Nc6 7.O-O e5 8.b3 
Be7 9.Bb2 O-O 10.Rc1 f6 11.Ne1 Bd7 12.Nd3 Rb8 13.f4 b6 14.fxe5 fxe5 15.Ne4
Rxf1+ 16.Qxf1 Bf6 17.Nxf6+ gxf6 18.Rc4 Nd4 19.e3 Nde6 20.Nf2 Bb5 21.Rg4+ 
Ng7 22.Qd1 Ne6 23.d4 cxd4 24.exd4 f5 25.Rh4 e4 26.d5 e3 27.Nd3 Ng5 28.a4 
Ba6 29.Nb4 e2 30.Qe1 Qc8 31.Rf4 Ne4 32.Bxe4 fxe4 33.Nxa6 Qxa6 34.Bxg7 Qd3 
35.Bc3 Qe3+ 36.Kg2 Rc8 37.Bd2 Qd3 38.Rg4+ Kf8 39.Qf2+ 1-0

[Event "interzonal (w)"]
[Site "Subotica YUG"]
[Date "1991.??.??"]
[Round "10"]
[White "Ioseliani, Nana"]
[Black "Matveeva, Svetlana"]
[Result "1/2-1/2"]
[WhiteElo "2470"]
[BlackElo "2325"]
[EventDate "1991.11.??"]
[PlyCount "128"]

1.Nf3 g6 2.d4 Nf6 3.c4 Bg7 4.g3 O-O 5.Bg2 d6 6.O-O Nbd7 7.b3 e5 8.Bb2 Re8 
9.dxe5 Ng4 10.Nc3 dxe5 11.e4 c6 12.b4 Qe7 13.a3 Nb6 14.Qe2 Be6 15.Nd2 Bh6 
16.c5 Red8 17.Rad1 Rxd2 18.Rxd2 Bxd2 19.cxb6 Bh6 20.bxa7 Rxa7 21.Nd1 Bg7 
22.h3 Nh6 23.Ne3 Ra8 24.b5 f6 25.Rc1 Qd7 26.bxc6 bxc6 27.Qc2 Rb8 28.Kh2 
Nf7 29.Bc3 Bf8 30.a4 Nd6 31.Be1 Qa7 32.a5 Rc8 33.Bf1 Bh6 34.Rd1 Bf8 35.a6 
Kg7 36.Rb1 Nb5 37.Qa4 Ra8 38.Ra1 Bc5 39.Bxb5 cxb5 40.Qxb5 Rb8 41.Qc6 Bxe3 
42.Qxe6 Bxf2 43.Rd1 Bd4 44.Bc3 Qc7 45.Bd2 Rb6 46.Rc1 Qd8 47.Qc4 Rb2 48.Rc2
Rxc2 49.Qxc2 Bb6 50.Qc3 Qa8 51.Qd3 Qc6 52.Qd5 Qc2 53.Qd7+ Kg8 54.Qe8+ Kg7 
55.Qe7+ Kg8 56.Qe6+ Kg7 57.Qe7+ Kg8 58.Qe6+ Kg7 59.Qxb6 Qxd2+ 60.Kh1 Qe1+ 
61.Qg1 Qxe4+ 62.Qg2 Qa4 63.Qb7+ Kh6 64.a7 e4 1/2-1/2

[Event "interzonal (w)"]
[Site "Subotica YUG"]
[Date "1991.??.??"]
[Round "10"]
[White "Jahn, Constanze"]
[Black "Madl, Ildiko"]
[Result "0-1"]
[WhiteElo "2175"]
[BlackElo "2380"]
[EventDate "1991.11.??"]
[PlyCount "78"]

1.e4 c5 2.c3 Qa5 3.Nf3 Nc6 4.Be2 d6 5.d3 g6 6.O-O Nf6 7.Nbd2 Bg7 8.d4 cxd4
9.cxd4 Bg4 10.Nc4 Qc7 11.d5 Bxf3 12.Bxf3 Nb8 13.Qa4+ Nbd7 14.e5 dxe5 15.d6
exd6 16.Bxb7 Rb8 17.Qc6 Qxc6 18.Bxc6 Ke7 19.Rd1 Rhc8 20.Na5 Nc5 21.b3 Rb6 
22.Be3 e4 23.Rac1 Nd3 24.Rb1 Rbxc6 25.Nxc6+ Rxc6 26.Bxa7 Nd5 27.Rd2 Nc3 
28.Rf1 Ra6 29.Be3 Rxa2 30.Rxa2 Nxa2 31.f3 f5 32.fxe4 fxe4 33.g3 d5 34.Bb6 
Ke6 35.Kg2 Nab4 36.Rd1 Bc3 37.Kf1 Ne5 38.Bd4 Bxd4 39.Rxd4 Ned3 0-1

[Event "interzonal (w)"]
[Site "Subotica YUG"]
[Date "1991.??.??"]
[Round "10"]
[White "Vuksanovic, Sanja"]
[Black "MacArthur, Beatriz"]
[Result "0-1"]
[WhiteElo "2150"]
[BlackElo "2185"]
[EventDate "1991.11.??"]
[PlyCount "88"]

1.e4 e6 2.d4 d5 3.Nc3 Nf6 4.Bg5 Be7 5.e5 Nfd7 6.Bxe7 Qxe7 7.f4 a6 8.Nf3 c5
9.dxc5 Qxc5 10.Qd2 b5 11.Bd3 Nc6 12.g4 Bb7 13.Rf1 h6 14.a3 Nb6 15.Qf2 
Qxf2+ 16.Rxf2 O-O-O 17.O-O-O Kb8 18.Ne2 Nc4 19.Ned4 Nxd4 20.Nxd4 Rd7 21.
Re1 Re7 22.Rfe2 h5 23.gxh5 Rxh5 24.f5 Rg5 25.fxe6 fxe6 26.c3 Kc7 27.Bxc4 
dxc4 28.Rf2 Bd5 29.Kd2 Kd7 30.Ree2 Ke8 31.Ke1 Rf7 32.Rxf7 Kxf7 33.Kf2 Kg6 
34.Kf1 Kh5 35.Re3 Kh4 36.Ne2 Rg4 37.Ng3 Rf4+ 38.Ke2 g5 39.Nf1 g4 40.Nd2 
Rf5 41.Ke1 Kg5 42.h3 Kf4 43.Kf2 gxh3 44.Rxh3 Kg4+ 0-1

[Event "interzonal (w)"]
[Site "Subotica YUG"]
[Date "1991.??.??"]
[Round "10"]
[White "Litinskaya, Marta"]
[Black "Voiska, Margarita"]
[Result "1-0"]
[WhiteElo "2370"]
[BlackElo "2335"]
[EventDate "1991.11.??"]
[PlyCount "85"]

1.d4 e6 2.c4 Nf6 3.Nc3 Bb4 4.Qc2 O-O 5.a3 Bxc3+ 6.Qxc3 b5 7.cxb5 c6 8.bxc6
Nxc6 9.Nf3 Bb7 10.e3 Rc8 11.Bd2 Qb6 12.Qd3 a6 13.Be2 Nb8 14.Bc3 Be4 15.Qd2
Nd5 16.O-O Qb7 17.Rfc1 f5 18.Ne1 f4 19.Bd3 fxe3 20.fxe3 Nf6 21.Bb4 Rfe8 
22.Rxc8 Rxc8 23.Rc1 Nc6 24.h3 Re8 25.Bc3 Ne7 26.Qe2 Ra8 27.Bxe4 Qxe4 28.
Nd3 Ned5 29.Bd2 a5 30.Nc5 Qh4 31.Qf2 Qxf2+ 32.Kxf2 Rb8 33.Nd3 Rb3 34.Ke2 
a4 35.Rc4 Ne4 36.Be1 Nb6 37.Rb4 Rxb4 38.axb4 Nc4 39.Nc5 Nxc5 40.dxc5 Nxb2 
41.Bc3 a3 42.Kd2 Nc4+ 43.Kc2 1-0

[Event "interzonal (w)"]
[Site "Subotica YUG"]
[Date "1991.??.??"]
[Round "10"]
[White "Maksimovic, Suzana"]
[Black "Chidi, Sylvia"]
[Result "1-0"]
[WhiteElo "2290"]
[BlackElo "2005"]
[EventDate "1991.11.??"]
[PlyCount "75"]

1.d4 e6 2.c4 f5 3.Nf3 Nf6 4.g3 Bb4+ 5.Nc3 Bxc3+ 6.bxc3 Qe7 7.Bg2 d6 8.O-O 
O-O 9.Qb3 c5 10.a4 Nbd7 11.a5 a6 12.Qc2 h6 13.Nh4 Qf7 14.f4 Nh7 15.e4 fxe4
16.Qxe4 Ndf6 17.Qg6 Re8 18.Qxf7+ Kxf7 19.Rb1 Nf8 20.Rb6 N8d7 21.Rxd6 Rb8 
22.Ba3 g5 23.fxg5 hxg5 24.Nf3 Ke7 25.dxc5 Ne4 26.Rd4 Nexc5 27.Nxg5 Rf8 28.
Rxf8 Kxf8 29.Nxe6+ Kf7 30.Nxc5 Ne5 31.Ne4 Bg4 32.Nd6+ Kg7 33.Re4 Kf6 34.
Rf4+ Ke6 35.h3 Bd1 36.Bxb7 Bc2 37.Bb4 Nd3 38.Bd5+ 1-0

[Event "interzonal (w)"]
[Site "Subotica YUG"]
[Date "1991.??.??"]
[Round "10"]
[White "Maric, Mirjana"]
[Black "Markovic-Jovanovic, Gordana"]
[Result "1/2-1/2"]
[WhiteElo "2250"]
[BlackElo "2260"]
[EventDate "1991.11.??"]
[PlyCount "30"]

1.e4 e5 2.Nf3 Nc6 3.Nc3 Nf6 4.d4 exd4 5.Nxd4 Bb4 6.Nxc6 bxc6 7.Bd3 d5 8.
exd5 cxd5 9.O-O O-O 10.Bg5 c6 11.Qf3 Bd6 12.h3 h6 13.Bxf6 Qxf6 14.Qxf6 
gxf6 15.Ne2 Rb8 1/2-1/2

[Event "interzonal (w)"]
[Site "Subotica YUG"]
[Date "1991.??.??"]
[Round "10"]
[White "Paasikangas, Johanna"]
[Black "Amura, Claudia"]
[Result "1-0"]
[WhiteElo "2130"]
[BlackElo "2405"]
[EventDate "1991.11.??"]
[PlyCount "83"]

1.d4 Nf6 2.c4 g6 3.Nc3 d5 4.Nf3 Bg7 5.Bg5 Ne4 6.cxd5 Nxg5 7.Nxg5 e6 8.Qd2 
exd5 9.Qe3+ Kf8 10.Qf4 Bf6 11.h4 c6 12.O-O-O b5 13.e4 b4 14.Na4 Qe7 15.
exd5 cxd5 16.Bb5 h6 17.Nf3 Kg7 18.Nc5 Bd7 19.Rde1 Qd8 20.Bd3 Nc6 21.Nxd7 
Qxd7 22.g4 Rac8 23.g5 Be7 24.Kb1 Qc7 25.gxh6+ Rxh6 26.Qg4 Bf6 27.h5 Rch8 
28.Reg1 Qb6 29.Rh3 Nxd4 30.Bxg6 fxg6 31.Qd7+ Kf8 32.hxg6 Rxg6 33.Re1 Qb8 
34.Rc1 Rxh3 35.Rc8+ Qxc8 36.Qxc8+ Ke7 37.Qxh3 Nc6 38.Qf5 Rh6 39.Qxd5 Bg7 
40.Ng5 Nd4 41.Qb7+ Ke8 42.Qf7+ 1-0

[Event "interzonal (w)"]
[Site "Subotica YUG"]
[Date "1991.??.??"]
[Round "10"]
[White "Peng Zhaoqin"]
[Black "Levitina, Irina"]
[Result "1/2-1/2"]
[WhiteElo "2375"]
[BlackElo "2370"]
[EventDate "1991.11.??"]
[PlyCount "56"]

1.d4 Nf6 2.c4 c5 3.d5 b5 4.cxb5 a6 5.bxa6 g6 6.Nc3 Bxa6 7.e4 Bxf1 8.Kxf1 
d6 9.Nge2 Bg7 10.g3 O-O 11.Kg2 Na6 12.h3 Qd7 13.Be3 Qb7 14.Qd2 e6 15.Rhd1 
exd5 16.exd5 Rfe8 17.Rab1 Nc7 18.Kh2 Ne4 19.Qc2 Nxc3 20.Nxc3 Qa6 21.Kg1 
Qc4 22.Qd3 Qxd3 23.Rxd3 Reb8 24.Bd2 c4 25.Rf3 Nb5 26.Nxb5 Rxb5 27.Bc3 Rxd5
28.a3 Bxc3 1/2-1/2

[Event "interzonal (w)"]
[Site "Subotica YUG"]
[Date "1991.??.??"]
[Round "10"]
[White "Veroci-Petronic, Zsuzsa"]
[Black "Wang Pin"]
[Result "1/2-1/2"]
[WhiteElo "2320"]
[BlackElo "2220"]
[EventDate "1991.11.??"]
[PlyCount "33"]

1.e4 c5 2.Nf3 d6 3.d4 cxd4 4.Nxd4 Nf6 5.Nc3 a6 6.Bc4 e6 7.Bb3 Nbd7 8.Qe2 
Nc5 9.Bg5 Be7 10.O-O-O Qc7 11.f4 O-O 12.g4 b5 13.Bxf6 Bxf6 14.g5 Be7 15.a3
Rb8 16.Kb1 Bd7 17.Rhg1 1/2-1/2

[Event "interzonal (w)"]
[Site "Subotica YUG"]
[Date "1991.??.??"]
[Round "11"]
[White "Arakhamia, Ketevan"]
[Black "Foisor, Cristina"]
[Result "1-0"]
[WhiteElo "2440"]
[BlackElo "2350"]
[EventDate "1991.11.??"]
[PlyCount "111"]

1.e4 e5 2.Nf3 Nc6 3.Bb5 a6 4.Ba4 Nf6 5.O-O Be7 6.Re1 b5 7.Bb3 d6 8.c3 O-O 
9.h3 Nd7 10.d4 Bf6 11.a4 Na5 12.Ba2 Bb7 13.Na3 exd4 14.Nxd4 Bxd4 15.cxd4 
b4 16.Bd2 c5 17.Nc4 Nxc4 18.Bxc4 a5 19.Be3 Nb6 20.Bb5 Qe7 21.f3 Rac8 22.
Rc1 Rfd8 23.dxc5 dxc5 24.Qe2 h6 25.Qf2 Nd7 26.Red1 Bc6 27.Qe2 Bb7 28.b3 
Qe6 29.Bc4 Qg6 30.Bb5 Qe6 31.Rd2 Nf8 32.Bc4 Rxd2 33.Qxd2 Qe7 34.Rd1 Ne6 
35.Qd7 Rc7 36.Qxe7 Rxe7 37.Rd6 Kh7 38.Kf2 Rc7 39.h4 h5 40.Ke2 g6 41.Kd3 
Kg7 42.Bxe6 fxe6 43.Kc4 Bc6 44.Rxe6 Kf7 45.Rd6 Bd7 46.Bf4 Ra7 47.Kxc5 Be6 
48.Kb6 Ra8 49.Rd3 Ke8 50.Bc7 Rc8 51.Kb7 Kf7 52.g3 Rg8 53.Bxa5 g5 54.Bxb4 
gxh4 55.gxh4 Rg1 56.a5 1-0

[Event "interzonal (w)"]
[Site "Subotica YUG"]
[Date "1991.??.??"]
[Round "11"]
[White "Botsari, Anna-Maria"]
[Black "Jahn, Constanze"]
[Result "0-1"]
[WhiteElo "2285"]
[BlackElo "2175"]
[EventDate "1991.11.??"]
[PlyCount "54"]

1.d4 Nf6 2.c4 e6 3.Nc3 Bb4 4.Qc2 O-O 5.a3 Bxc3+ 6.Qxc3 b5 7.cxb5 c6 8.bxc6
Nxc6 9.Nf3 Ba6 10.b4 Rc8 11.Qb2 Qb6 12.g3 Ne4 13.e3 Ne7 14.Bxa6 Qxa6 15.b5
Qb7 16.O-O Nc3 17.Ne5 f6 18.Nd3 Qf3 19.Re1 h5 20.Nf4 g5 21.Bd2 gxf4 22.
Bxc3 h4 23.h3 fxg3 24.Bb4 Kf7 25.fxg3 Rg8 26.Qf2 Rxg3+ 27.Kf1 Qe4 0-1

[Event "interzonal (w)"]
[Site "Subotica YUG"]
[Date "1991.??.??"]
[Round "11"]
[White "Chelushkina, Irina"]
[Black "Ioseliani, Nana"]
[Result "0-1"]
[WhiteElo "2305"]
[BlackElo "2470"]
[EventDate "1991.11.??"]
[PlyCount "72"]

1.g3 g6 2.Bg2 Bg7 3.c4 e5 4.Nc3 Ne7 5.Nf3 c5 6.O-O O-O 7.Ne1 Nbc6 8.Nc2 d6
9.a3 Be6 10.Ne3 Qd7 11.b4 cxb4 12.axb4 Nxb4 13.Ba3 a5 14.Rb1 Nec6 15.Ncd5 
Bxd5 16.Nxd5 Nxd5 17.Bxd5 a4 18.Rb6 Ra7 19.Qb1 Bf6 20.Qe4 Bd8 21.Rb2 Ne7 
22.Bxb7 Ba5 23.Bd5 Rc8 24.Rfb1 Kg7 25.Rb7 Rxb7 26.Bxb7 Rb8 27.Ba6 Qc6 28.
Rxb8 Qxe4 29.Bxd6 Nc6 30.Re8 a3 31.Bf8+ Kf6 32.Bxa3 Bb4 33.Bxb4 Nxb4 34.
Rb8 Nxa6 35.Rb6+ Kg7 36.Rxa6 Qb1+ 0-1

[Event "interzonal (w)"]
[Site "Subotica YUG"]
[Date "1991.??.??"]
[Round "11"]
[White "Galliamova, Alisa"]
[Black "Veroci-Petronic, Zsuzsa"]
[Result "1-0"]
[WhiteElo "2435"]
[BlackElo "2320"]
[EventDate "1991.11.??"]
[PlyCount "63"]

1.d4 Nf6 2.c4 g6 3.Nf3 Bg7 4.g3 O-O 5.Bg2 d6 6.O-O Nc6 7.Nc3 a6 8.h3 Rb8 
9.Bg5 h6 10.Be3 b5 11.cxb5 axb5 12.Qc2 Kh7 13.Nxb5 Rxb5 14.Qxc6 Rxb2 15.
Rfc1 Be6 16.a4 Nd5 17.Ng5+ hxg5 18.Bxd5 Bxd5 19.Qxd5 e5 20.dxe5 Bxe5 21.
Rab1 Rxb1 22.Rxb1 Qa8 23.Rb7 Qxa4 24.Rxc7 Kg7 25.Bxg5 Qa1+ 26.Kg2 Bf6 27.
Bf4 Be5 28.Bd2 Qa6 29.e4 Qa4 30.Bg5 Qd4 31.Be7 Rb8 32.Bf6+ 1-0

[Event "interzonal (w)"]
[Site "Subotica YUG"]
[Date "1991.??.??"]
[Round "11"]
[White "Jackson, Sheila"]
[Black "Chidi, Sylvia"]
[Result "1-0"]
[WhiteElo "2190"]
[BlackElo "2005"]
[EventDate "1991.11.??"]
[PlyCount "89"]

1.e4 c5 2.c3 d6 3.d4 Nc6 4.Be3 e5 5.dxc5 dxc5 6.Qxd8+ Kxd8 7.Bc4 Be6 8.
Bxe6 fxe6 9.Nd2 Nf6 10.f3 Be7 11.O-O-O Kc7 12.Nh3 Rae8 13.Ng5 Bf8 14.Nc4 
b5 15.Na3 Rb8 16.Rd2 c4 17.Rhd1 a6 18.Nc2 h6 19.Nh3 a5 20.Na3 a4 21.Nf2 
Na5 22.Nc2 Be7 23.Nb4 Bxb4 24.cxb4 Nc6 25.Bc5 Rbd8 26.a3 Rxd2 27.Rxd2 Rd8 
28.Rxd8 Kxd8 29.Kd2 Nd4 30.Bd6 Nc6 31.Bf8 Ne8 32.Nd1 Ne7 33.Nc3 Ng6 34.Bc5
Nc7 35.g3 Ne7 36.Bd6 Kd7 37.Bxe5 g6 38.Bxc7 Kxc7 39.Nxb5+ Kb6 40.Nc3 Nc6 
41.Nxa4+ Kc7 42.Kc3 Ne5 43.f4 Ng4 44.h4 Nf2 45.Nc5 1-0

[Event "interzonal (w)"]
[Site "Subotica YUG"]
[Date "1991.??.??"]
[Round "11"]
[White "MacArthur, Beatriz"]
[Black "Csonkics, Tunde"]
[Result "0-1"]
[WhiteElo "2185"]
[BlackElo "2320"]
[EventDate "1991.11.??"]
[PlyCount "94"]

1.e4 c5 2.Nf3 d6 3.d4 cxd4 4.Nxd4 Nf6 5.Nc3 a6 6.f4 e5 7.Nf3 Nbd7 8.a4 b6 
9.Bd3 Bb7 10.O-O Be7 11.Qe1 O-O 12.Kh1 Re8 13.fxe5 dxe5 14.Bg5 Qc7 15.Nh4 
g6 16.Qf2 Rac8 17.Qf3 Qd6 18.Nd1 Qe6 19.Ne3 Ng4 20.Bxe7 Nxe3 21.Qxe3 Qxe7 
22.Qg3 Kh8 23.Rf2 Nf6 24.Qe3 Ng4 25.Qg3 Nxf2+ 26.Qxf2 Rf8 27.Rf1 b5 28.
axb5 axb5 29.Bxb5 Bxe4 30.c3 f5 31.Re1 Rfd8 32.Nf3 Bxf3 33.Qxf3 e4 34.Qf4 
Rc5 35.c4 Re5 36.Qe3 Rd3 37.Qb6 e3 38.c5 Rd2 39.c6 Rc2 40.Bd3 Rcc5 41.b4 
Rc3 42.Be2 Qd6 43.b5 Rec5 44.Qa5 Rc1 45.Kg1 R5c3 46.Rf1 Qd4 47.g3 Qd2 0-1

[Event "interzonal (w)"]
[Site "Subotica YUG"]
[Date "1991.??.??"]
[Round "11"]
[White "Madl, Ildiko"]
[Black "Kachiani, Ketino"]
[Result "1/2-1/2"]
[WhiteElo "2380"]
[BlackElo "2345"]
[EventDate "1991.11.??"]
[PlyCount "81"]

1.e4 e5 2.Nf3 Nc6 3.Bb5 a6 4.Ba4 Nf6 5.O-O Be7 6.d4 exd4 7.Re1 b5 8.e5 
Nxe5 9.Rxe5 d6 10.Re1 bxa4 11.Nxd4 Bd7 12.Qf3 O-O 13.Nc6 Bxc6 14.Qxc6 d5 
15.Qxa4 Ne4 16.Nd2 Nc5 17.Qd4 Ne6 18.Qa4 Bf6 19.Nf3 Re8 20.Rd1 c5 21.c3 
Re7 22.Be3 Qb6 23.Rab1 d4 24.cxd4 cxd4 25.Bd2 h6 26.h3 Qb5 27.Qxb5 axb5 
28.a3 Rc7 29.Rbc1 Rac8 30.Rxc7 Rxc7 31.Ne1 Bg5 32.Bxg5 hxg5 33.Kf1 f6 34.
Ke2 Kf7 35.Kf3 g6 36.Rd2 Ke7 37.Nc2 Rd7 38.Rd3 Rd8 39.Rd2 Rd7 40.Rd3 Rd8 
41.Rd2 1/2-1/2

[Event "interzonal (w)"]
[Site "Subotica YUG"]
[Date "1991.??.??"]
[Round "11"]
[White "Maksimovic, Suzana"]
[Black "Paasikangas, Johanna"]
[Result "1-0"]
[WhiteElo "2290"]
[BlackElo "2130"]
[EventDate "1991.11.??"]
[PlyCount "77"]

1.d4 Nf6 2.c4 g6 3.Nc3 Bg7 4.e4 d6 5.f4 O-O 6.Nf3 c5 7.d5 e6 8.Bd3 exd5 9.
cxd5 Re8 10.O-O a6 11.a4 Nbd7 12.Re1 Qc7 13.h3 Rb8 14.Bc4 Nb6 15.Bf1 c4 
16.e5 Nh5 17.Ne4 dxe5 18.d6 Qc6 19.Nxe5 Bxe5 20.fxe5 Bf5 21.Nc3 Ng3 22.Bf4
Nxf1 23.Rxf1 Nd7 24.Qd4 Be6 25.Kh2 b5 26.axb5 axb5 27.Ne4 Qd5 28.Qe3 Bf5 
29.Nc3 Qe6 30.Qd4 Nb6 31.Nxb5 Nd5 32.Nc7 Nxc7 33.dxc7 Rbc8 34.Ra7 g5 35.
Bxg5 Qxe5+ 36.Qxe5 Rxe5 37.Bf6 Rc5 38.Rf4 Bd3 39.Rd4 1-0

[Event "interzonal (w)"]
[Site "Subotica YUG"]
[Date "1991.??.??"]
[Round "11"]
[White "Markovic-Jovanovic, Gordana"]
[Black "Demina, Yulia"]
[Result "1/2-1/2"]
[WhiteElo "2260"]
[BlackElo "2370"]
[EventDate "1991.11.??"]
[PlyCount "22"]

1.e4 c5 2.b3 Nf6 3.e5 Nd5 4.Bb2 Nc6 5.Nf3 e6 6.g3 Be7 7.Bg2 O-O 8.O-O f6 
9.c4 Nc7 10.d4 cxd4 11.exf6 Bxf6 1/2-1/2

[Event "interzonal (w)"]
[Site "Subotica YUG"]
[Date "1991.??.??"]
[Round "11"]
[White "Matveeva, Svetlana"]
[Black "Sofieva, Ainur"]
[Result "1/2-1/2"]
[WhiteElo "2325"]
[BlackElo "2390"]
[EventDate "1991.11.??"]
[PlyCount "112"]

1.c4 f5 2.Nc3 Nf6 3.g3 g6 4.Bg2 Bg7 5.e3 O-O 6.Nge2 e5 7.d3 Nc6 8.Rb1 d6 
9.O-O Ne7 10.e4 c6 11.d4 Nxe4 12.Nxe4 fxe4 13.dxe5 d5 14.Bg5 Rf5 15.Bxe7 
Qxe7 16.cxd5 cxd5 17.Qxd5+ Be6 18.Qa5 Rxe5 19.Qa4 b5 20.Qa6 Bc4 21.Rfe1 
Rf8 22.b3 Bd3 23.Rbc1 b4 24.Qc6 Re6 25.Qd5 Rd8 26.Rc8 Rxc8 27.Bh3 Kh8 28.
Bxe6 Rd8 29.Qc6 Qd6 30.Qxd6 Rxd6 31.Nf4 Bc3 32.Rd1 g5 33.Bf5 gxf4 34.Bxe4 
Bxe4 35.Rxd6 fxg3 36.hxg3 Kg7 37.Rd7+ Kf6 38.Rxa7 Bb2 39.Rd7 Ke6 40.Rd1 
Kf5 41.Rd8 Bc3 42.Rb8 Bd2 43.Rd8 Bc3 44.Rb8 Bd2 45.Rd8 Bg5 46.Rd4 Be7 47.
Rd7 Ke6 48.Rd1 Bf6 49.Kh2 Bc3 50.Kg1 Kf5 51.Rc1 Bd2 52.Rd1 Bc3 53.Rc1 Kg4 
54.a3 Kf3 55.axb4 Bd4 56.Kh2 Bxf2 1/2-1/2

[Event "interzonal (w)"]
[Site "Subotica YUG"]
[Date "1991.??.??"]
[Round "11"]
[White "Qin Kanying"]
[Black "Peng Zhaoqin"]
[Result "1/2-1/2"]
[WhiteElo "2265"]
[BlackElo "2375"]
[EventDate "1991.11.??"]
[PlyCount "82"]

1.e4 e6 2.d4 d5 3.Nd2 c5 4.exd5 exd5 5.Bb5+ Nc6 6.Ngf3 Bd6 7.dxc5 Bxc5 8.
O-O Ne7 9.Nb3 Bd6 10.Bxc6+ bxc6 11.Qd4 O-O 12.Bf4 Nf5 13.Qa4 Qb6 14.Bxd6 
Nxd6 15.Ne5 Nc4 16.Nxc6 Nxb2 17.Ne7+ Kh8 18.Qa3 Be6 19.Qxb2 Rfe8 20.Nxd5 
Bxd5 21.Qd4 Qc6 22.Na5 Qb5 23.c4 Qxa5 24.Qxd5 Qxd5 25.cxd5 Rad8 26.Rfe1 
Rxe1+ 27.Rxe1 g6 28.Rd1 Kg7 29.f4 Kf8 30.Kf2 Rd6 31.Ke3 Ke7 32.f5 Ra6 33.
Rd2 Kd6 34.fxg6 fxg6 35.Kd4 Ra4+ 36.Kc3 Rh4 37.h3 Re4 38.Kb3 h5 39.Kc3 Ra4
40.Kb3 Rf4 41.Kc3 Ra4 1/2-1/2